000 01836nam a2200229Ia 4500
003 Ost
005 20260507075658.0
008 260507s9999||||xx |||||||||||||| ||und||
040 _cfsecg
041 _aara
082 _a658.1512
100 _aحماد، طارق عبد العال
_eمؤلف
245 0 _aتحليل القوائم المالية للأغراض الاستثمار ومنح الائتمان :
_bنظرية حالية ومستقبلية /
_c طارق عبد العال حماد
260 _aالاسكندرية:
_bالدار الجامعية,
_c2007
300 _a540 صفحة؛
_bإيضاحات ؛
_c24 سم
504 _aالمراجع ص.529
520 _aاطار اعداد وعرض القوائم المالية،التقارير المالية (المفاهيم-الأهداف-الخصائص)، القوائم المالية الأساسية (أنواعها-عناصرها-العلاقات بينهت)، اعداد واستخدام قائمة المركز المالي(الميزانية)، اعداد واستخدام قائمة الدخل، اعداد واستخدام قائمة الدخل، اعداد واستخدام قئمة التدفقات النقدية، قائمة التغيرات في حقوق الملكية والايضاحات المتممة، قائمة القيمة المضافة، التقارير القطاعية وفقا للمعايير المحاسبية، التقارير المالية في ظل اقتصاديات التضخم الجامح، تقارير مالية مساعدة، تحليل القوائم الماليةـ تطبيقات عملية التحليل المالي.
653 _aالتقارير المالية
653 _aالقوائم المالية- الإئتمان
653 _aالقوائم المالية- الإستثمار
942 _cكتاب
999 _c45750
_d45750